| 000 | 00625nam a2200253 a 4500 | ||
|---|---|---|---|
| 003 | AR-BaBNM | ||
| 005 | 20251128204706.0 | ||
| 008 | 082120s2002 ||||||||||||||000 | spa|| | ||
| 020 | _a950-21-0909-0 | ||
| 040 | _cAR-BaBNM | ||
| 100 | 1 | _aFinkel, Berta | |
| 245 | 0 | 0 | _aHasta siempre, infancia |
| 250 | _a1ª ed. | ||
| 260 |
_aBuenos Aires _bPlus Ultra _c1987 |
||
| 300 |
_a171 p. _bil. |
||
| 490 | 0 |
_aLiteratura Juvenil _vv. 40 |
|
| 650 | 4 | _aLIBROS PARA NIÑOS | |
| 650 | 4 | _aCUENTOS DE AVENTURAS | |
| 650 | 4 | _aLITERATURA INFANTIL | |
| 653 | _aNARRATIVA | ||
| 655 | _aLITERATURA | ||
| 942 | _cBK | ||
| 998 | _cMARTIN | ||
| 999 |
_c8443 _d8443 |
||